|
|
|
|
| LEADER |
00000nam0a2200000 4500 |
| 001 |
57432 |
| 005 |
20231031054226.0 |
| 035 |
|
|
|a (RuTPU)RU\TPU\book\60596
|
| 090 |
|
|
|a 57432
|
| 100 |
|
|
|a 20031103d1984 km y0rusy50 ca
|
| 101 |
0 |
|
|a rus
|
| 102 |
|
|
|a UA
|
| 105 |
|
|
|a a z 001zy
|
| 200 |
1 |
|
|a Прочность и долговечность твердых сплавов
|f М. Г. Лошак
|g АН Украины, Институт сверхтвердых материалов
|
| 210 |
|
|
|a Киев
|c Наукова думка
|d 1984
|
| 215 |
|
|
|a 325 с.
|c ил.
|
| 320 |
|
|
|a Библиогр.: с. 308-323.
|
| 610 |
1 |
|
|a прочность
|
| 610 |
1 |
|
|a долговечность
|
| 610 |
1 |
|
|a твердые сплавы
|
| 610 |
1 |
|
|a вольфрам
|
| 610 |
1 |
|
|a деформация
|
| 610 |
1 |
|
|a кобальт
|
| 610 |
1 |
|
|a разрушение
|
| 610 |
1 |
|
|a металлургия
|
| 675 |
|
|
|a 669.018.25:539.4
|v 3
|
| 700 |
|
1 |
|a Лошак
|b М. Г.
|g Матвей Говшиевич
|
| 712 |
0 |
2 |
|a Академия наук Украинской ССР
|2 stltpush
|3 (RuTPU)RU\TPU\col\332
|
| 801 |
|
1 |
|a RU
|b 63413507
|c 20031103
|g PSBO
|
| 801 |
|
2 |
|a RU
|b 63413507
|c 20150529
|g PSBO
|
| 900 |
|
|
|a Физические основы разработки и производства твердых сплавов
|
| 942 |
|
|
|c BK
|